000
00310nam a22001217a 4500
020
_a
9788127248833
082
_a
621.402
_b
SAN/PR
100
_a
Sanjay Kumar
245
_a
Principles of thermodynamics in agricultural engineering
260
_a
Ludhiana
_b
Kalyani Publishers
_c
2008
300
_a
408p
942
_c
BK
999
_c
14051
_d
14051